Statistiken für Düsseldorfer Stadtteile mit Karte

Klicken Sie hier um das Quiz zu spielen!

Allgemein

  • Dieses Quiz wurde 72 mal gespielt
  • Das Durchschnittsergebnis liegt bei 25 aus 50

Antworten auf der Karte

Die Antworten werden auf der Karte rot bzw. grün angezeigt, abhängig davon wie oft sie richtig erraten wurden.
 

Antwortstatistiken

Stadtteil% Korrekt
Benrath
80%
Oberbilk
78%
Altstadt
74%
Bilk
74%
Unterrath
74%
Eller
72%
Flingern Nord
72%
Oberkassel
72%
Rath
70%
Unterbilk
67%
Derendorf
63%
Garath
59%
Gerresheim
59%
Hafen
59%
Kaiserswerth
59%
Wersten
57%
Niederkassel
56%
Holthausen
54%
Friedrichstadt
52%
Vennhausen
50%
Flingern Süd
48%
Pempelfort
48%
Reisholz
48%
Angermund
46%
Golzheim
44%
Grafenberg
44%
Hamm
44%
Himmelgeist
44%
Lörick
44%
Stadtmitte
44%
Stockum
44%
Unterbach
44%
Hellerhof
43%
Itter
43%
Urdenbach
43%
Düsseltal
41%
Hassels
41%
Heerdt
41%
Hubbelrath
41%
Mörsenbroich
41%
Carlstadt
39%
Lohausen
39%
Volmerswerth
39%
Wittlaer
39%
Flehe
37%
Lierenfeld
37%
Kalkum
35%
Knittkuhl
33%
Lichtenbroich
30%
Ludenberg
24%

Verteilung der Resultate

Perzentil nach korrekt beantworteten Fragen

Anzahl Personen mit jedem Resultat

Ihre Resultats-Entwicklung

Sie haben dieses Quiz noch nicht gespielt